000 01164nam a2200265Ia 4500
003 OSt
005 20220930094824.0
006 a|||||r|||| 00| 0
007 ta
008 220926b |||||||| |||| 00| 0 hin d
024 _a20539
037 _cTheses
040 _aCRL
_cCRL
_bhin
041 _2hin
_ahin
100 _aरजनी
110 _aदिल्ली विश्वविद्यालय. कला संकाय. संस्कृत विभाग
_9556371
245 0 _aभट्टोत्पाल का ज्यातिष शास्त्र में योगदान
246 _aBhaṭṭotpāl kā jyātiṣh shāstra mean yogadāna
260 _c2013
650 _aसंस्कृत साहित्य
700 _a प्रो. रमेश चन्द्र भारद्वाज, गा.
_9556372
700 _aदिल्ली विश्वविद्यालय. कला संकाय. संस्कृत विभाग
_9556373
942 _cDIS
_2CC
999 _c887729
_d887729